Estatísticas para Halloween

Clique aqui para jogar o quiz

Estatísticas Gerais

  • Esse quiz foi jogado 45 vezes
  • A pontuação média é 6 de 14

Estatísticas das Respostas

HintResposta% Correto
Quando é o Halloween?31 de Outubro
92%
O que as crianças vão de pedir de porta em porta?Doces
89%
O que podemos ver nesse dia que voa numa vassoura?Bruxa
79%
O que se celebra no Halloween?Dia das Bruxas
71%
Que vegetal podemos ver a enfeitar a entrada das casas?Abóbora
68%
O que significa essa frase em português?Doçura ou travessura
68%
Quais as cores associadas ao Halloween?Preto e laranja
66%
Qual a célebre frase dita nesse dia?Treat or Trick
32%
Que feriado acontece no dia a seguir?Dia de todos-os-santos
26%
Qual o país de origem do Halloween?Inglaterra
18%
Como vão vestidas as crianças?Mascaradas
8%
O que acontece quando as pessoas não dão doces?Partidas
5%
O que podemos ver a enfeitar nessa dia que prega sustos?Fantamas
0%
Qual a típica frase dia em Portugal no dia 1 de Novembro?Ó tia dá bolinho
0%

Distribuição das Pontuações

Percentil de Números Respondidos

Porcentagem de Pessoas com Cada Pontuação

Sua Pontuação Histórica

Você não jogou esse quiz